[Event "Santa Cruz Potiguar-ch"]
[Site "Santa Cruz"]
[Date "2016.12.18"]
[Round "4"]
[White "Cavalcante, Gerod Fernandes Cos"]
[Black "Do Nascimento, Jose Luan Silva"]
[Result "0-1"]
[WhiteElo "1800"]
[BlackElo "1376"]
[PlyCount "92"]
[EventDate "2016.12.17"]
[EventType "swiss"]
[EventRounds "5"]
[EventCountry "BRA"]
[SourceTitle "CBM 176 Extra"]
[Source "ChessBase"]
[SourceDate "2017.03.02"]
[SourceVersion "1"]
[SourceVersionDate "2017.03.02"]
[SourceQuality "1"]

1. e4 c5 2. Nc3 d6 3. Bb5+ Bd7 4. Nf3 g6 5. h4 a6 6. Bxd7+ Nxd7 7. b3 Ngf6 8. d4 Qa5 9. Qd2 Bg7 10. e5 cxd4 11. Nd5 Qxd2+ 12. Bxd2 Nxd5 13. c4 dxc3 14. Bg5 Nxe5 15. Nxe5 Bxe5 16. Rd1 Nb4 17. f4 Bg7 18. a3 Na2 19. 0-0 h6 20. Ra1 hxg5 21. Rxa2 Rxh4 22. g3 Rh5 23. Re1 gxf4 24. gxf4 Rc8 25. Rae2 e6 26. Rd1 d5 27. f5 gxf5 28. Rg2 Rh7 29. Rh2 Rxh2 30. Kxh2 c2 31. Rc1 Kd7 32. Kh3 Bb2 33. Rg1 c1Q 34. Rxc1 Rxc1 35. a4 Rg1 36. b4 Ke7 37. Kh2 Bd4 38. Kh3 Kf6 39. Kh2 Kg5 40. Kh3 Kf4 41. b5 Kf3 42. Kh2 Rg8 43. bxa6 bxa6 44. a5 Be5+ 45. Kh1 Bd4 46. Kh2 Rh8# 0-1